Southville International School and Colleges
Your cart is empty.
  • Cart
  • Lists
    Public lists Eva Luna New books Lux_list list_1
    Your lists Log in to create your own lists
  • Log in to your account
  • Your cookies
  • Search history
Southville International School and Colleges
  • Advanced search
  • Recent comments
  • Most popular
  • Libraries

Log in to your account

Log in with GOOGLE


If you do not have an external account, but do have a local account, you can still log in:

  1. Home
  2. MARC view: The Strategy and tactics of pricing :
Normal view MARC view ISBD view

The Strategy and tactics of pricing : (Record no. 357093)

[ view plain ]
MARC details
000 -LEADER
fixed length control field 00652nam a2200241Ia 4500
008 - FIXED-LENGTH DATA ELEMENTS--GENERAL INFORMATION
fixed length control field 180523s9999 xx 000 0 und d
020 ## - INTERNATIONAL STANDARD BOOK NUMBER
International Standard Book Number 0-13-026248-X
050 ## - LIBRARY OF CONGRESS CALL NUMBER
Classification number MAIN HF 5416.5
050 ## - LIBRARY OF CONGRESS CALL NUMBER
Item number .N34 2002
100 ## - MAIN ENTRY--PERSONAL NAME
Personal name Nagle, Thomas T.
245 #4 - TITLE STATEMENT
Title The Strategy and tactics of pricing :
245 #2 - TITLE STATEMENT
Remainder of title a guide to profitable decision making /
245 #0 - TITLE STATEMENT
Statement of responsibility, etc Thomas T. Nagle, Reed K. Holden.
250 ## - EDITION STATEMENT
Edition statement 3rd Edition
260 ## - PUBLICATION, DISTRIBUTION, ETC. (IMPRINT)
Place of publication, distribution, etc New Jersey :
260 ## - PUBLICATION, DISTRIBUTION, ETC. (IMPRINT)
Name of publisher, distributor, etc Prentice Hall,
260 ## - PUBLICATION, DISTRIBUTION, ETC. (IMPRINT)
Date of publication, distribution, etc 2002
300 ## - PHYSICAL DESCRIPTION
Extent 398 pages :
300 ## - PHYSICAL DESCRIPTION
Dimensions 24 cm.
500 ## - GENERAL NOTE
General note Includes index.
650 ## - SUBJECT ADDED ENTRY--TOPICAL TERM
Topical term or geographic name as entry element Pricing.
650 ## - SUBJECT ADDED ENTRY--TOPICAL TERM
General subdivision Marketing -- Decision making.
Holdings
Withdrawn status Lost status Damaged status Home library Current library Shelving location Date acquired Total Checkouts Full call number Barcode Date last seen Price effective from Koha item type
      South Mansfield College South Mansfield College       MAIN HF 5416.5 .N34 2002 SMC03078 05/23/2018 05/23/2018  

The Strategy and tactics of pricing :

APA

Nagle T. T., .The Strategy and tactics of pricing. New Jersey: .

Chicago

Nagle Thomas T, .The Strategy and tactics of pricing. New Jersey: .

Harvard

Nagle T. T., .The Strategy and tactics of pricing. New Jersey: .

MLA

Nagle Thomas T, .New Jersey: . .

  • Place hold
  • Print
  • Cite
  • Add to your cart (remove)
  • Save record
    BIBTEX Dublin Core MARCXML MARC (non-Unicode/MARC-8) MARC (Unicode/UTF-8) MARC (Unicode/UTF-8, Standard) MODS (XML) RIS
  • More searches
    Search for this title in:
    Other Libraries (WorldCat) Other Databases (Google Scholar) Online Stores (Bookfinder.com) Open Library (openlibrary.org)

Exporting to Dublin Core...

SOUTHVILLE LIBRARY

Southville International School and Colleges Library

1281 Tropical Ave. Cor. Luxembourg St., BF Homes International, Las Pinas City

Tel. No. 8256374 / 252358 Loc. 117/146

Powered by Koha